Statistics for Guess the video games - number of Downloads

Click here to take the quiz!

General Stats

  • This quiz has been taken 10 times
  • The average score is 4 of 10

Answer Stats

Number of DownloadsAnswer% Correct
170 millionMinecraft
100%
350 millionFortnite
75%
100 millionAmong Us
25%
25 millionApex Legends
25%
500 millionCall of Duty
25%
7 millionFall Guys
25%
170 millionGTA V
25%
40 millionMario Brothers
25%
100 millionTetris
25%
85 millionWii Sports
0%

Score Distribution

Percentile by Number Answered

Percent of People with Each Score

Your Score History

You have not taken this quiz